<?xml version="1.0" encoding="UTF-8"?>
<collection xmlns="http://www.loc.gov/MARC21/slim">
 <record>
  <leader>01752aam a22002418a 4500</leader>
  <controlfield tag="001">NCT_7758</controlfield>
  <controlfield tag="008">110215s2010                  ||||||viesd</controlfield>
  <datafield tag="999" ind1=" " ind2=" ">
   <subfield code="c">393</subfield>
   <subfield code="d">393</subfield>
  </datafield>
  <datafield tag="020" ind1=" " ind2=" ">
   <subfield code="c">42000</subfield>
  </datafield>
  <datafield tag="082" ind1="0" ind2="4">
   <subfield code="2">23rd ed.</subfield>
   <subfield code="a">616</subfield>
   <subfield code="b">H513</subfield>
  </datafield>
  <datafield tag="100" ind1="1" ind2=" ">
   <subfield code="a">Lê Hùng</subfield>
  </datafield>
  <datafield tag="245" ind1="1" ind2="0">
   <subfield code="a">Hiểu bệnh để phòng, trị bệnh</subfield>
   <subfield code="c">Lê Hùng</subfield>
  </datafield>
  <datafield tag="260" ind1=" " ind2=" ">
   <subfield code="a">Tp. Hồ Chí Minh</subfield>
   <subfield code="b">Tổng hợp</subfield>
   <subfield code="c">2010</subfield>
  </datafield>
  <datafield tag="300" ind1=" " ind2=" ">
   <subfield code="a">199tr.</subfield>
   <subfield code="b">ảnh</subfield>
   <subfield code="c">21cm</subfield>
  </datafield>
  <datafield tag="520" ind1="3" ind2=" ">
   <subfield code="a">Nội dung tài liệu cung cấp những kiến thức phổ thông về các loại bệnh cũng như cách phòng tránh, chữa trị các bệnh thường gặp, các vấn đề liên quan đến sức khoẻ của người cao tuổi, chăm sóc da, phương pháp xoa bóp, thư giãn... để giữ gìn sức khoẻ nói chung</subfield>
  </datafield>
  <datafield tag="655" ind1=" " ind2="7">
   <subfield code="a">Sách thường thức</subfield>
  </datafield>
  <datafield tag="942" ind1=" " ind2=" ">
   <subfield code="2">ddc</subfield>
   <subfield code="c">BK</subfield>
  </datafield>
  <datafield tag="952" ind1=" " ind2=" ">
   <subfield code="0">0</subfield>
   <subfield code="1">0</subfield>
   <subfield code="2">ddc</subfield>
   <subfield code="4">0</subfield>
   <subfield code="6">616_000000000000000_H513</subfield>
   <subfield code="7">0</subfield>
   <subfield code="9">16318</subfield>
   <subfield code="a">000001</subfield>
   <subfield code="b">000001</subfield>
   <subfield code="d">2019-03-16</subfield>
   <subfield code="l">1</subfield>
   <subfield code="o">616 H513</subfield>
   <subfield code="p">MD.14983</subfield>
   <subfield code="r">2020-12-03</subfield>
   <subfield code="s">2020-11-19</subfield>
   <subfield code="v">42000.00</subfield>
   <subfield code="w">2019-03-16</subfield>
   <subfield code="y">BK</subfield>
  </datafield>
  <datafield tag="952" ind1=" " ind2=" ">
   <subfield code="0">0</subfield>
   <subfield code="1">0</subfield>
   <subfield code="2">ddc</subfield>
   <subfield code="4">0</subfield>
   <subfield code="6">616_000000000000000_H513</subfield>
   <subfield code="7">0</subfield>
   <subfield code="9">16319</subfield>
   <subfield code="a">000001</subfield>
   <subfield code="b">000001</subfield>
   <subfield code="d">2019-03-16</subfield>
   <subfield code="l">1</subfield>
   <subfield code="o">616 H513</subfield>
   <subfield code="p">MD.14984</subfield>
   <subfield code="r">2020-12-11</subfield>
   <subfield code="s">2020-12-05</subfield>
   <subfield code="v">42000.00</subfield>
   <subfield code="w">2019-03-16</subfield>
   <subfield code="y">BK</subfield>
  </datafield>
  <datafield tag="952" ind1=" " ind2=" ">
   <subfield code="0">0</subfield>
   <subfield code="1">0</subfield>
   <subfield code="2">ddc</subfield>
   <subfield code="4">0</subfield>
   <subfield code="6">616_000000000000000_H513</subfield>
   <subfield code="7">0</subfield>
   <subfield code="9">16320</subfield>
   <subfield code="a">000001</subfield>
   <subfield code="b">000001</subfield>
   <subfield code="d">2019-03-16</subfield>
   <subfield code="o">616 H513</subfield>
   <subfield code="p">MD.14985</subfield>
   <subfield code="r">2019-03-16</subfield>
   <subfield code="v">42000.00</subfield>
   <subfield code="w">2019-03-16</subfield>
   <subfield code="y">BK</subfield>
  </datafield>
  <datafield tag="952" ind1=" " ind2=" ">
   <subfield code="0">0</subfield>
   <subfield code="1">0</subfield>
   <subfield code="2">ddc</subfield>
   <subfield code="4">0</subfield>
   <subfield code="6">616_000000000000000_H513</subfield>
   <subfield code="7">0</subfield>
   <subfield code="9">16321</subfield>
   <subfield code="a">000001</subfield>
   <subfield code="b">000001</subfield>
   <subfield code="d">2019-03-16</subfield>
   <subfield code="l">1</subfield>
   <subfield code="o">616 H513</subfield>
   <subfield code="p">MD.14986</subfield>
   <subfield code="r">2020-07-07</subfield>
   <subfield code="s">2020-01-08</subfield>
   <subfield code="v">42000.00</subfield>
   <subfield code="w">2019-03-16</subfield>
   <subfield code="y">BK</subfield>
  </datafield>
  <datafield tag="952" ind1=" " ind2=" ">
   <subfield code="0">0</subfield>
   <subfield code="1">0</subfield>
   <subfield code="2">ddc</subfield>
   <subfield code="4">0</subfield>
   <subfield code="6">616_000000000000000_H513</subfield>
   <subfield code="7">0</subfield>
   <subfield code="9">16322</subfield>
   <subfield code="a">000001</subfield>
   <subfield code="b">000001</subfield>
   <subfield code="d">2019-03-16</subfield>
   <subfield code="o">616 H513</subfield>
   <subfield code="p">MD.14987</subfield>
   <subfield code="r">2019-03-16</subfield>
   <subfield code="v">42000.00</subfield>
   <subfield code="w">2019-03-16</subfield>
   <subfield code="y">BK</subfield>
  </datafield>
  <datafield tag="980" ind1=" " ind2=" ">
   <subfield code="a">Thư viện Trường Đại học Nam Cần Thơ</subfield>
  </datafield>
 </record>
</collection>
